Statistics for Every Juventus Player Since 2000

Click here to take the quiz!

General Stats

  • This quiz has been taken 112 times
  • The average score is 351 of 667

Answer Stats

% Correct
2015/16RMColombiaJuan Cuadrado405
100%
2022/23RMColombiaJuan Cuadrado472
100%
2020/21RMColombiaJuan Cuadrado402
100%
2017/18RMColombiaJuan Cuadrado295
100%
2016/17RMColombiaJuan Cuadrado453
100%
2019/20RMColombiaJuan Cuadrado453
100%
2018/19RMColombiaJuan Cuadrado231
100%
2021/22RMColombiaJuan Cuadrado455
100%
2021/22STPortugalCristiano Ronaldo1
99%
2019/20STPortugalCristiano Ronaldo4637
99%
2018/19STPortugalCristiano Ronaldo4328
99%
2020/21STPortugalCristiano Ronaldo4436
99%
2019/20CBItalyGiorgio Chiellini41
99%
2015/16CBItalyGiorgio Chiellini341
99%
2009/10CBItalyGiorgio Chiellini405
99%
2005/06CBItalyGiorgio Chiellini23
99%
2014/15CBItalyGiorgio Chiellini451
99%
2013/14CBItalyGiorgio Chiellini444
99%
2010/11CBItalyGiorgio Chiellini434
99%
2020/21CBItalyGiorgio Chiellini25
99%
2021/22CBItalyGiorgio Chiellini26
99%
2011/12CBItalyGiorgio Chiellini372
99%
2018/19CBItalyGiorgio Chiellini341
99%
2012/13CBItalyGiorgio Chiellini321
99%
2017/18CBItalyGiorgio Chiellini38
99%
2016/17CBItalyGiorgio Chiellini334
99%
2007/08CBItalyGiorgio Chiellini323
99%
2006/07CBItalyGiorgio Chiellini354
99%
2008/09CBItalyGiorgio Chiellini365
99%
2014/15CBItalyLeonardo Bonucci524
99%
2022/23CBItalyLeonardo Bonucci262
99%
2015/16CBItalyLeonardo Bonucci493
99%
2020/21CBItalyLeonardo Bonucci352
99%
2018/19CBItalyLeonardo Bonucci413
99%
2011/12CBItalyLeonardo Bonucci372
99%
2016/17CBItalyLeonardo Bonucci455
99%
2012/13CBItalyLeonardo Bonucci481
99%
2019/20CBItalyLeonardo Bonucci474
99%
2010/11CBItalyLeonardo Bonucci443
99%
2021/22CBItalyLeonardo Bonucci345
99%
2013/14CBItalyLeonardo Bonucci443
99%
2014/15CMFrancePaul Pogba4110
98%
2013/14CMFrancePaul Pogba519
98%
2012/13CMFrancePaul Pogba375
98%
2015/16CMFrancePaul Pogba4910
98%
2022/23CMFrancePaul Pogba10
98%
2021/22STSerbiaDusan Vlahovic219
96%
2022/23STSerbiaDusan Vlahovic4214
96%
2007/08GKItalyGianluigi Buffon35
96%
2019/20GKItalyGianluigi Buffon15
96%
2012/13GKItalyGianluigi Buffon44
96%
2013/14GKItalyGianluigi Buffon48
96%
2002/03GKItalyGianluigi Buffon48
96%
2014/15GKItalyGianluigi Buffon47
96%
2001/02GKItalyGianluigi Buffon45
96%
2015/16GKItalyGianluigi Buffon44
96%
2016/17GKItalyGianluigi Buffon43
96%
2017/18GKItalyGianluigi Buffon34
96%
2003/04GKItalyGianluigi Buffon39
96%
2020/21GKItalyGianluigi Buffon14
96%
2009/10GKItalyGianluigi Buffon35
96%
2008/09GKItalyGianluigi Buffon30
96%
2004/05GKItalyGianluigi Buffon48
96%
2011/12GKItalyGianluigi Buffon35
96%
2006/07GKItalyGianluigi Buffon40
96%
2010/11GKItalyGianluigi Buffon17
96%
2005/06GKItalyGianluigi Buffon24
96%
2020/21SSArgentinaPaulo Dybala265
96%
2018/19SSArgentinaPaulo Dybala4210
96%
2015/16SSArgentinaPaulo Dybala4623
96%
2021/22SSArgentinaPaulo Dybala3915
96%
2019/20SSArgentinaPaulo Dybala4617
96%
2016/17SSArgentinaPaulo Dybala4819
96%
2017/18SSArgentinaPaulo Dybala4626
96%
2019/20DMGermanyEmre Can8
95%
2018/19DMGermanyEmre Can374
95%
2016/17CMBosniaMiralem Pjanic478
95%
2019/20CMBosniaMiralem Pjanic433
95%
2018/19CMBosniaMiralem Pjanic444
95%
2017/18CMBosniaMiralem Pjanic447
95%
2021/22LBBrazilAlex Sandro402
93%
2019/20LBBrazilAlex Sandro411
93%
2017/18LBBrazilAlex Sandro394
93%
2015/16LBBrazilAlex Sandro322
93%
2018/19LBBrazilAlex Sandro431
93%
2022/23LBBrazilAlex Sandro37
93%
2016/17LBBrazilAlex Sandro433
93%
2020/21LBBrazilAlex Sandro342
93%
2014/15STSpainAlvaro Morata4615
93%
2015/16STSpainAlvaro Morata4712
93%
2021/22STSpainAlvaro Morata4812
93%
2020/21STSpainAlvaro Morata4420
93%
2017/18STArgentinaGonzalo Higuain5023
93%
2016/17STArgentinaGonzalo Higuain5532
93%
2019/20STArgentinaGonzalo Higuain4411
93%
2021/22CMFranceAdrien Rabiot45
92%
2020/21CMFranceAdrien Rabiot475
92%
2022/23CMFranceAdrien Rabiot4811
92%
2019/20CMFranceAdrien Rabiot371
92%
2008/09SSItalyAlessandro Del Piero4321
92%
2006/07SSItalyAlessandro Del Piero3723
92%
2005/06SSItalyAlessandro Del Piero4520
92%
2009/10SSItalyAlessandro Del Piero2911
92%
2000/01SSItalyAlessandro Del Piero339
92%
2003/04SSItalyAlessandro Del Piero3114
92%
2011/12SSItalyAlessandro Del Piero285
92%
2010/11SSItalyAlessandro Del Piero4511
92%
2002/03SSItalyAlessandro Del Piero3823
92%
2007/08SSItalyAlessandro Del Piero4124
92%
2004/05SSItalyAlessandro Del Piero4117
92%
2001/02SSItalyAlessandro Del Piero4621
92%
2021/22LWItalyFederico Chiesa184
92%
2020/21LWItalyFederico Chiesa4314
92%
2022/23LWItalyFederico Chiesa334
92%
2016/17STCroatiaMario Mandzukic5011
92%
2015/16STCroatiaMario Mandzukic3613
92%
2018/19STCroatiaMario Mandzukic3310
92%
2017/18STCroatiaMario Mandzukic4310
92%
2020/21GKPolandWojciech Szczesny38
92%
2018/19GKPolandWojciech Szczesny41
92%
2019/20GKPolandWojciech Szczesny37
92%
2017/18GKPolandWojciech Szczesny21
92%
2022/23GKPolandWojciech Szczesny40
92%
2021/22GKPolandWojciech Szczesny40
92%
2016/17CBItalyAndrea Barzagli39
89%
2018/19CBItalyAndrea Barzagli10
89%
2011/12CBItalyAndrea Barzagli391
89%
2010/11CBItalyAndrea Barzagli15
89%
2012/13CBItalyAndrea Barzagli48
89%
2017/18CBItalyAndrea Barzagli38
89%
2014/15CBItalyAndrea Barzagli17
89%
2013/14CBItalyAndrea Barzagli33
89%
2015/16CBItalyAndrea Barzagli421
89%
2013/14DMItalyAndrea Pirlo456
89%
2014/15DMItalyAndrea Pirlo335
89%
2011/12DMItalyAndrea Pirlo413
89%
2012/13DMItalyAndrea Pirlo455
89%
2020/21CBBrazilDanilo461
89%
2019/20CBBrazilDanilo322
89%
2022/23CBBrazilDanilo543
89%
2021/22CBBrazilDanilo312
89%
2020/21CBNetherlandsMatthijs de Ligt361
89%
2021/22CBNetherlandsMatthijs de Ligt423
89%
2019/20CBNetherlandsMatthijs de Ligt394
89%
2002/03LMCzech RepublicPavel Nedved4614
89%
2004/05LMCzech RepublicPavel Nedved3810
89%
2005/06LMCzech RepublicPavel Nedved467
89%
2008/09LMCzech RepublicPavel Nedved447
89%
2003/04LMCzech RepublicPavel Nedved418
89%
2007/08LMCzech RepublicPavel Nedved333
89%
2006/07LMCzech RepublicPavel Nedved3612
89%
2001/02LMCzech RepublicPavel Nedved434
89%
2022/23STPolandArkadiusz Milik399
88%
2014/15CMItalyClaudio Marchisio523
88%
2012/13CMItalyClaudio Marchisio408
88%
2017/18CMItalyClaudio Marchisio20
88%
2015/16CMItalyClaudio Marchisio32
88%
2006/07CMItalyClaudio Marchisio26
88%
2013/14CMItalyClaudio Marchisio434
88%
2010/11CMItalyClaudio Marchisio414
88%
2009/10CMItalyClaudio Marchisio353
88%
2016/17CMItalyClaudio Marchisio292
88%
2011/12CMItalyClaudio Marchisio3910
88%
2008/09CMItalyClaudio Marchisio323
88%
2022/23LMSerbiaFilip Kostic543
88%
2017/18CMGermanySami Khedira399
88%
2019/20CMGermanySami Khedira18
88%
2016/17CMGermanySami Khedira465
88%
2015/16CMGermanySami Khedira255
88%
2018/19CMGermanySami Khedira172
88%
2012/13CMChileArturo Vidal4515
87%
2014/15CMChileArturo Vidal458
87%
2013/14CMChileArturo Vidal4618
87%
2011/12CMChileArturo Vidal357
87%
2019/20RWBrazilDouglas Costa293
87%
2020/21RWBrazilDouglas Costa2
87%
2018/19RWBrazilDouglas Costa251
87%
2017/18RWBrazilDouglas Costa476
87%
2005/06STSwedenZlatan Ibrahimovic4710
87%
2004/05STSwedenZlatan Ibrahimovic4516
87%
2019/20CMWalesAaron Ramsey354
86%
2020/21CMWalesAaron Ramsey302
86%
2021/22CMWalesAaron Ramsey5
86%
2021/22CMUnited StatesWeston McKennie294
86%
2020/21CMUnited StatesWeston McKennie466
86%
2022/23CMUnited StatesWeston McKennie213
86%
2021/22RWSwedenDejan Kulusevski272
84%
2020/21RWSwedenDejan Kulusevski477
84%
2022/23CBBrazilBremer435
83%
2017/18CMFranceBlaise Matuidi464
82%
2019/20CMFranceBlaise Matuidi451
82%
2018/19CMFranceBlaise Matuidi423
82%
2013/14SSArgentinaCarlos Tevez4821
82%
2014/15SSArgentinaCarlos Tevez4829
82%
2018/19CBMoroccoMedhi Benatia6
82%
2017/18CBMoroccoMedhi Benatia324
82%
2016/17CBMoroccoMedhi Benatia211
82%
2017/18CMUruguayRodrigo Bentancur27
82%
2018/19CMUruguayRodrigo Bentancur402
82%
2020/21CMUruguayRodrigo Bentancur45
82%
2019/20CMUruguayRodrigo Bentancur431
82%
2021/22CMUruguayRodrigo Bentancur26
82%
2000/01STFranceDavid Trezeguet3215
80%
2006/07STFranceDavid Trezeguet3215
80%
2001/02STFranceDavid Trezeguet4632
80%
2008/09STFranceDavid Trezeguet151
80%
2003/04STFranceDavid Trezeguet3422
80%
2004/05STFranceDavid Trezeguet2414
80%
2002/03STFranceDavid Trezeguet2813
80%
2010/11STFranceDavid Trezeguet1
80%
2005/06STFranceDavid Trezeguet4229
80%
2007/08STFranceDavid Trezeguet3920
80%
2009/10STFranceDavid Trezeguet2710
80%
2004/05CBItalyFabio Cannavaro473
80%
2009/10CBItalyFabio Cannavaro33
80%
2005/06CBItalyFabio Cannavaro484
80%
2017/18LMGhanaKwadwo Asamoah26
80%
2014/15LMGhanaKwadwo Asamoah10
80%
2015/16LMGhanaKwadwo Asamoah13
80%
2012/13LMGhanaKwadwo Asamoah363
80%
2013/14LMGhanaKwadwo Asamoah472
80%
2016/17LMGhanaKwadwo Asamoah24
80%
2013/14RBSwitzerlandStephan Lichtsteiner363
80%
2016/17RBSwitzerlandStephan Lichtsteiner301
80%
2017/18RBSwitzerlandStephan Lichtsteiner32
80%
2012/13RBSwitzerlandStephan Lichtsteiner364
80%
2011/12RBSwitzerlandStephan Lichtsteiner382
80%
2015/16RBSwitzerlandStephan Lichtsteiner372
80%
2014/15RBSwitzerlandStephan Lichtsteiner493
80%
2018/19RBPortugalJoao Cancelo341
78%
2022/23DMItalyManuel Locatelli49
78%
2021/22DMItalyManuel Locatelli433
78%
2014/15LBFrancePatrice Evra341
78%
2015/16LBFrancePatrice Evra352
78%
2016/17LBFrancePatrice Evra13
78%
2020/21CMBrazilArthur Melo321
77%
2021/22CMBrazilArthur Melo31
77%
2022/23RWArgentinaAngel Di Maria408
76%
2022/23STItalyMoise Kean408
72%
2018/19STItalyMoise Kean177
72%
2021/22STItalyMoise Kean426
72%
2016/17STItalyMoise Kean41
72%
2016/17RBBrazilDani Alves336
71%
2022/23GKItalyMattia Perin18
71%
2021/22GKItalyMattia Perin12
71%
2018/19GKItalyMattia Perin9
71%
2000/01AMFranceZinedine Zidane396
71%
2019/20CBItalyDaniele Rugani14
67%
2017/18CBItalyDaniele Rugani262
67%
2022/23CBItalyDaniele Rugani11
67%
2015/16CBItalyDaniele Rugani21
67%
2016/17CBItalyDaniele Rugani203
67%
2021/22CBItalyDaniele Rugani181
67%
2018/19CBItalyDaniele Rugani202
67%
2002/03CBFranceLilian Thuram431
67%
2003/04CBFranceLilian Thuram32
67%
2005/06CBFranceLilian Thuram39
67%
2001/02CBFranceLilian Thuram41
67%
2004/05CBFranceLilian Thuram49
67%
2013/14CBUruguayMartin Caceres301
67%
2011/12CBUruguayMartin Caceres143
67%
2009/10CBUruguayMartin Caceres211
67%
2012/13CBUruguayMartin Caceres221
67%
2018/19CBUruguayMartin Caceres9
67%
2015/16CBUruguayMartin Caceres9
67%
2014/15CBUruguayMartin Caceres141
67%
2013/14STSpainFernando Llorente4518
66%
2014/15STSpainFernando Llorente459
66%
2015/16STSpainFernando Llorente2
66%
2000/01RBItalyGianluca Zambrotta293
65%
2004/05RBItalyGianluca Zambrotta48
65%
2003/04RBItalyGianluca Zambrotta421
65%
2005/06RBItalyGianluca Zambrotta43
65%
2001/02RBItalyGianluca Zambrotta472
65%
2002/03RBItalyGianluca Zambrotta421
65%
2019/20RBItalyMattia De Sciglio13
65%
2022/23RBItalyMattia De Sciglio25
65%
2020/21RBItalyMattia De Sciglio1
65%
2021/22RBItalyMattia De Sciglio291
65%
2017/18RBItalyMattia De Sciglio201
65%
2018/19RBItalyMattia De Sciglio28
65%
2015/16DMGabonMario Lemina132
64%
2016/17DMGabonMario Lemina291
64%
2020/21CBTurkeyMerih Demiral24
64%
2019/20CBTurkeyMerih Demiral81
64%
2015/16LWFranceKingsley Coman2
63%
2014/15LWFranceKingsley Coman201
63%
2021/22RWItalyFederico Bernardeschi362
61%
2020/21RWItalyFederico Bernardeschi39
61%
2017/18RWItalyFederico Bernardeschi315
61%
2019/20RWItalyFederico Bernardeschi382
61%
2018/19RWItalyFederico Bernardeschi393
61%
2012/13STMontenegroMirko Vucinic4314
61%
2013/14STMontenegroMirko Vucinic182
61%
2011/12STMontenegroMirko Vucinic3510
61%
2022/23DMSwitzerlandDenis Zakaria2
59%
2021/22DMSwitzerlandDenis Zakaria131
59%
2022/23DMArgentinaLeandro Paredes351
58%
2012/13STDenmarkNicklas Bendtner11
57%
2022/23CMItalyNicolo Fagioli373
57%
2020/21CMItalyNicolo Fagioli2
57%
2000/01CMNetherlandsEdgar Davids321
55%
2003/04CMNetherlandsEdgar Davids12
55%
2002/03CMNetherlandsEdgar Davids412
55%
2001/02CMNetherlandsEdgar Davids422
55%
2005/06DMFrancePatrick Vieira425
55%
2009/10SSItalySebastian Giovinco191
54%
2006/07SSItalySebastian Giovinco3
54%
2008/09SSItalySebastian Giovinco273
54%
2013/14SSItalySebastian Giovinco303
54%
2014/15SSItalySebastian Giovinco112
54%
2012/13SSItalySebastian Giovinco4211
54%
2000/01GKNetherlandsEdwin van der Sar42
53%
2015/16GKBrazilNorberto Neto8
53%
2016/17GKBrazilNorberto Neto14
53%
2010/11STItalyFabio Quagliarella179
52%
2013/14STItalyFabio Quagliarella234
52%
2012/13STItalyFabio Quagliarella3513
52%
2011/12STItalyFabio Quagliarella274
52%
2000/01STItalyFilippo Inzaghi3416
52%
2011/12LBItalyFabio Grosso2
51%
2010/11LBItalyFabio Grosso21
51%
2009/10LBItalyFabio Grosso362
51%
2012/13RBChileMauricio Isla20
51%
2013/14RBChileMauricio Isla27
51%
2015/16RBChileMauricio Isla1
51%
2022/23CMItalyFabio Miretti40
49%
2021/22CMItalyFabio Miretti7
49%
2019/20LWCroatiaMarko Pjaca1
49%
2016/17LWCroatiaMarko Pjaca201
49%
2007/08RMItalyMauro Camoranesi235
49%
2004/05RMItalyMauro Camoranesi465
49%
2003/04RMItalyMauro Camoranesi364
49%
2002/03RMItalyMauro Camoranesi455
49%
2008/09RMItalyMauro Camoranesi262
49%
2009/10RMItalyMauro Camoranesi334
49%
2005/06RMItalyMauro Camoranesi443
49%
2006/07RMItalyMauro Camoranesi354
49%
2015/16CMArgentinaRoberto Pereyra16
49%
2014/15CMArgentinaRoberto Pereyra526
49%
2005/06STRomaniaAdrian Mutu4511
48%
2004/05STRomaniaAdrian Mutu1
48%
2010/11CBBrazilFelipe Melo381
47%
2009/10CBBrazilFelipe Melo403
47%
2017/18CBGermanyBenedikt Howedes31
46%
2009/10STItalyVincenzo Iaquinta187
46%
2007/08STItalyVincenzo Iaquinta2912
46%
2008/09STItalyVincenzo Iaquinta3815
46%
2010/11STItalyVincenzo Iaquinta236
46%
2022/23RWArgentinaMatias Soule191
45%
2021/22RWArgentinaMatias Soule2
45%
2010/11DMMaliMohamed Sissoko29
45%
2009/10DMMaliMohamed Sissoko24
45%
2008/09DMMaliMohamed Sissoko322
45%
2007/08DMMaliMohamed Sissoko151
45%
2022/23LWEnglandSamuel Iling-Junior181
45%
2014/15STItalyAlessandro Matri92
43%
2010/11STItalyAlessandro Matri169
43%
2011/12STItalyAlessandro Matri3210
43%
2012/13STItalyAlessandro Matri3510
43%
2005/06DMBrazilEmerson473
43%
2004/05DMBrazilEmerson443
43%
2022/23CBItalyFederico Gatti272
43%
2021/22GKItalyCarlo Pinsoglio1
42%
2020/21GKItalyCarlo Pinsoglio1
42%
2017/18GKItalyCarlo Pinsoglio1
42%
2019/20GKItalyCarlo Pinsoglio1
42%
2018/19GKItalyCarlo Pinsoglio1
42%
2021/22LBItalyLuca Pellegrini21
42%
2014/15CMItalyStefano Sturaro151
42%
2016/17CMItalyStefano Sturaro28
42%
2015/16CMItalyStefano Sturaro282
42%
2017/18CMItalyStefano Sturaro19
42%
2010/11GKAustriaAlexander Manninger5
41%
2009/10GKAustriaAlexander Manninger14
41%
2008/09GKAustriaAlexander Manninger23
41%
2009/10AMBrazilDiego447
41%
2010/11AMBrazilDiego3
41%
2010/11STItalyLuca Toni152
41%
2012/13CBBrazilLucio4
41%
2012/13STFranceNicolas Anelka3
41%
2013/14RWItalySimone Pepe3
41%
2012/13RWItalySimone Pepe1
41%
2010/11RWItalySimone Pepe426
41%
2014/15RWItalySimone Pepe161
41%
2011/12RWItalySimone Pepe336
41%
2016/17DMVenezuelaTomas Rincon19
41%
2018/19LBItalyLeonardo Spinazzola12
40%
2010/11RWSerbiaMilos Krasic419
39%
2011/12RWSerbiaMilos Krasic91
39%
2000/01CMItalyAntonio Conte283
37%
2003/04CMItalyAntonio Conte241
37%
2001/02CMItalyAntonio Conte291
37%
2002/03CMItalyAntonio Conte271
37%
2020/21CBRomaniaRadu Dragusin4
37%
2015/16STItalySimone Zaza248
37%
2010/11STItalyAmauri163
36%
2009/10STItalyAmauri407
36%
2008/09STItalyAmauri4414
36%
2013/14CBItalyAngelo Ogbonna25
36%
2014/15CBItalyAngelo Ogbonna30
36%
2009/10DMDenmarkChristian Poulsen31
36%
2008/09DMDenmarkChristian Poulsen291
36%
2015/16AMBrazilHernanes221
36%
2016/17AMBrazilHernanes131
36%
2021/22STBrazilKaio Jorge11
36%
2012/13GKItalyMarco Storari9
36%
2014/15GKItalyMarco Storari10
36%
2011/12GKItalyMarco Storari8
36%
2013/14GKItalyMarco Storari8
36%
2010/11GKItalyMarco Storari29
36%
2010/11RBItalyMarco Motta32
35%
2013/14RBItalyMarco Motta3
35%
2011/12LWNetherlandsEljero Elia5
34%
2007/08RMBosniaHasan Salihamidzic305
34%
2008/09RMBosniaHasan Salihamidzic151
34%
2009/10RMBosniaHasan Salihamidzic182
34%
2010/11RMBosniaHasan Salihamidzic10
34%
2003/04STUruguayMarcelo Zalayeta93
34%
2004/05STUruguayMarcelo Zalayeta389
34%
2006/07STUruguayMarcelo Zalayeta174
34%
2001/02STUruguayMarcelo Zalayeta236
34%
2005/06STUruguayMarcelo Zalayeta271
34%
2002/03STUruguayMarcelo Zalayeta368
34%
2014/15CMItalySimone Padoin35
34%
2013/14CMItalySimone Padoin251
34%
2011/12CMItalySimone Padoin71
34%
2015/16CMItalySimone Padoin141
34%
2012/13CMItalySimone Padoin26
34%
2008/09STItalyCiro Immobile1
33%
2009/10STItalyCiro Immobile4
33%
2022/23DMArgentinaEnzo Barrenechea5
33%
2008/09CBSwedenOlof Mellberg382
33%
2007/08RBCzech RepublicZdenek Grygera271
31%
2009/10RBCzech RepublicZdenek Grygera25
31%
2008/09RBCzech RepublicZdenek Grygera432
31%
2010/11RBCzech RepublicZdenek Grygera19
31%
2005/06GKItalyChristian Abbiati27
30%
2000/01CBCroatiaIgor Tudor327
30%
2003/04CBCroatiaIgor Tudor263
30%
2002/03CBCroatiaIgor Tudor272
30%
2001/02CBCroatiaIgor Tudor216
30%
2004/05CBCroatiaIgor Tudor4
30%
2021/22CBBelgiumKoni De Winter2
30%
2003/04CBItalyNicola Legrottaglie312
30%
2004/05CBItalyNicola Legrottaglie2
30%
2008/09CBItalyNicola Legrottaglie362
30%
2006/07CBItalyNicola Legrottaglie12
30%
2010/11CBItalyNicola Legrottaglie81
30%
2007/08CBItalyNicola Legrottaglie373
30%
2009/10CBItalyNicola Legrottaglie282
30%
2011/12LMItalyEmanuele Giaccherini273
29%
2012/13LMItalyEmanuele Giaccherini253
29%
2005/06LBItalyGianluca Pessotto141
29%
2003/04LBItalyGianluca Pessotto31
29%
2000/01LBItalyGianluca Pessotto39
29%
2002/03LBItalyGianluca Pessotto28
29%
2001/02LBItalyGianluca Pessotto44
29%
2004/05LBItalyGianluca Pessotto26
29%
2022/23DMItalyNicolo Rovella3
29%
2014/15LBItalyPaolo De Ceglie2
29%
2009/10LBItalyPaolo De Ceglie31
29%
2010/11LBItalyPaolo De Ceglie14
29%
2013/14LBItalyPaolo De Ceglie6
29%
2008/09LBItalyPaolo De Ceglie26
29%
2012/13LBItalyPaolo De Ceglie18
29%
2011/12LBItalyPaolo De Ceglie231
29%
2006/07LBItalyPaolo De Ceglie81
29%
2003/04CBUruguayPaolo Montero261
29%
2002/03CBUruguayPaolo Montero352
29%
2004/05CBUruguayPaolo Montero12
29%
2000/01CBUruguayPaolo Montero23
29%
2001/02CBUruguayPaolo Montero271
29%
2004/05DMGhanaStephen Appiah232
29%
2003/04DMGhanaStephen Appiah461
29%
2001/02DMItalyAlessio Tacchinardi452
28%
2000/01DMItalyAlessio Tacchinardi382
28%
2004/05DMItalyAlessio Tacchinardi24
28%
2003/04DMItalyAlessio Tacchinardi34
28%
2002/03DMItalyAlessio Tacchinardi434
28%
2018/19CMCyprusGrigoris Kastanos1
28%
2006/07CBCroatiaRobert Kovac19
28%
2005/06CBCroatiaRobert Kovac241
28%
2008/09CMPortugalTiago Mendes20
28%
2009/10CMPortugalTiago Mendes10
28%
2007/08CMPortugalTiago Mendes23
28%
2006/07CBFranceJean-Alain Boumsong332
27%
2007/08CBFranceJean-Alain Boumsong31
27%
2008/09CBFranceJonathan Zebina8
27%
2007/08CBFranceJonathan Zebina17
27%
2005/06CBFranceJonathan Zebina15
27%
2009/10CBFranceJonathan Zebina221
27%
2004/05CBFranceJonathan Zebina31
27%
2006/07CBFranceJonathan Zebina24
27%
2000/01CBItalyCiro Ferrara301
25%
2002/03CBItalyCiro Ferrara371
25%
2001/02CBItalyCiro Ferrara304
25%
2003/04CBItalyCiro Ferrara261
25%
2004/05CBItalyCiro Ferrara5
25%
2006/07DMItalyCristiano Zanetti282
25%
2007/08DMItalyCristiano Zanetti29
25%
2008/09DMItalyCristiano Zanetti142
25%
2010/11RWUruguayJorge Martinez20
25%
2012/13GKBrazilRubinho1
25%
2013/14GKBrazilRubinho1
25%
2002/03RBItalyAlessandro Birindelli351
24%
2006/07RBItalyAlessandro Birindelli401
24%
2007/08RBItalyAlessandro Birindelli11
24%
2004/05RBItalyAlessandro Birindelli18
24%
2003/04RBItalyAlessandro Birindelli28
24%
2000/01RBItalyAlessandro Birindelli25
24%
2001/02RBItalyAlessandro Birindelli271
24%
2002/03STChileMarcelo Salas203
24%
2001/02STChileMarcelo Salas121
24%
2002/03STItalyMarco Di Vaio4011
24%
2003/04STItalyMarco Di Vaio4417
24%
2011/12CMParaguayMarcelo Estigarribia181
23%
2006/07STBulgariaValeri Bojinov217
23%
2009/10RMItalyAntonio Candreva202
22%
2009/10LBItalyCristian Molinaro5
22%
2007/08LBItalyCristian Molinaro361
22%
2008/09LBItalyCristian Molinaro40
22%
2018/19CMItalyHans Nicolussi3
22%
2004/05CBItalyMark Iuliano1
22%
2002/03CBItalyMark Iuliano311
22%
2003/04CBItalyMark Iuliano262
22%
2001/02CBItalyMark Iuliano401
22%
2000/01CBItalyMark Iuliano28
22%
2021/22LWFranceMarley Ake6
22%
2013/14STItalyDaniel Osvaldo183
20%
2016/17GKItalyEmil Audero1
20%
2011/12STItalyMarco Borriello172
20%
2010/11LBSenegalArmand Traore12
19%
2003/04LWItalyRaffaele Palladino1
19%
2006/07LWItalyRaffaele Palladino258
19%
2007/08LWItalyRaffaele Palladino312
19%
2020/21STAlbaniaGiacomo Vrioni1
18%
2019/20STAlbaniaGiacomo Vrioni1
18%
2012/13LBItalyFederico Peluso171
17%
2013/14LBItalyFederico Peluso141
17%
2005/06LBItalyFederico Balzaretti28
16%
2006/07LBItalyFederico Balzaretti402
16%
2020/21LWPortugalFelix Correia1
16%
2012/13CBItalyLuca Marrone15
16%
2009/10CBItalyLuca Marrone2
16%
2011/12CBItalyLuca Marrone61
16%
2001/02GKUruguayFabian Carini8
14%
2020/21LBItalyGianluca Frabotta171
14%
2019/20LBItalyGianluca Frabotta1
14%
2005/06CMItalyManuele Blasi21
14%
2004/05CMItalyManuele Blasi36
14%
2006/07RMItalyMarco Marchionni282
14%
2008/09RMItalyMarco Marchionni363
14%
2007/08RMItalyMarco Marchionni142
14%
2018/19CMBrazilMatheus Pereira3
14%
2016/17DMItalyRolando Mandragora1
14%
2010/11CMItalyAlberto Aquilani342
13%
2015/16STItalyAndrea Favilli1
13%
2003/04GKItalyAntonio Chimenti12
13%
2009/10GKItalyAntonio Chimenti3
13%
2004/05GKItalyAntonio Chimenti5
13%
2005/06GKItalyAntonio Chimenti4
13%
2002/03GKItalyAntonio Chimenti10
13%
2007/08LBItalyDomenico Criscito9
13%
2003/04STItalyFabrizio Miccoli3810
13%
2004/05STItalyFabrizio Miccoli1
13%
2011/12CBDenmarkFrederik Sorensen1
13%
2010/11CBDenmarkFrederik Sorensen18
13%
2005/06DMItalyGiuliano Giannichedda23
13%
2006/07DMItalyGiuliano Giannichedda23
13%
2001/02STItalyNicola Amoruso227
13%
2004/05CMUruguayRuben Olivera284
13%
2005/06CMUruguayRuben Olivera2
13%
2002/03CMUruguayRuben Olivera7
13%
2007/08CMUruguayRuben Olivera1
13%
2003/04CMUruguayRuben Olivera1
13%
2018/19LWEnglandStephy Mavididi1
13%
2022/23RBItalyTommaso Barbieri4
13%
2006/07GKItalyAntonio Mirante7
12%
2007/08CMItalyAntonio Nocerino36
12%
2001/02AMUruguayFabian O'Neill7
12%
2000/01AMUruguayFabian O'Neill13
12%
2020/21AMTunisiaHamza Rafia11
12%
2006/07CMItalyMatteo Paro301
12%
2002/03CMItalyMatteo Paro5
12%
2007/08CMArgentinaSergio Almiron111
12%
2000/01STUruguayDaniel Fonseca3
11%
2019/20DMBelgiumDaouda Peeters1
11%
2000/01STSerbiaDarko Kovacevic276
11%
2007/08CBPortugalJorge Andrade5
11%
2010/11DMSwedenAlbin Ekdal1
10%
2008/09DMSwedenAlbin Ekdal3
10%
2019/20RWItalyLuca Zanimacchia2
10%
2010/11CMLiechtensteinMarcel Buchel2
10%
2004/05AMFranceOlivier Kapo19
10%
2014/15CMItalyRomulo5
10%
2000/01LBBrazilAthirson5
8%
2002/03DMItalyDavide Baiocco16
8%
2010/11STItalyDavide Lanzafame9
8%
2006/07STItalyDavide Lanzafame1
8%
2002/03CBItalyEmiliano Moretti15
7%
2003/04CMItalyEnzo Maresca294
7%
2001/02CMItalyEnzo Maresca282
7%
2000/01GKItalyMichelangelo Rampulla1
7%
2001/02GKItalyMichelangelo Rampulla1
7%
2013/14DMMoroccoOuasim Bouy1
7%
2020/21RBBrazilWesley Gasolina1
7%
2004/05CBItalyAndrea Masiello1
6%
2008/09SSSomaliaAyub Daud1
6%
2002/03RBItalyCristian Zenoni191
6%
2001/02RBItalyCristian Zenoni391
6%
2007/08GKItalyEmanuele Belardi9
6%
2014/15RBItalyFederico Mattiello3
6%
2008/09CBItalyLorenzo Ariaudo6
6%
2018/19CMItalyManolo Portanova1
6%
2020/21CMItalyManolo Portanova3
6%
2002/03CMItalyMarco Brighi1
6%
2020/21STItalyMarco Da Graca1
6%
2021/22STItalyMarco Da Graca1
6%
2019/20LWItalyMarco Olivieri4
6%
2000/01CMItalyMatteo Brighi12
6%
2011/12DMItalyMichele Pazienza9
6%
2012/13SSItalyStefano Beltrame1
6%
2003/04AMSwitzerlandDavide Chiumiento2
5%
2005/06CBBrazilGladstone1
5%
2007/08CBItalyGuglielmo Stendardo6
5%
2010/11CBItalyLeandro Rinaudo1
5%
2010/11DMItalyManuel Giandonato4
5%
2009/10DMItalyManuel Giandonato1
5%
2014/15CMItalyMattia Vitale2
5%
2009/10STItalyMichele Paolucci5
5%
2006/07DMItalyRaffaele Bianco41
5%
2019/20CMItalySimone Muratore5
5%
2001/02AMParaguayTomas Guzman1
5%
2006/07AMParaguayTomas Guzman3
5%
2020/21RBItalyAlessandro Di Pardo5
4%
2007/08SSItalyCristian Pasquato1
4%
2008/09CBCroatiaDario Knezevic4
4%
2010/11RWItalyFilippo Boniperti2
4%
2000/01CBItalyMarco Zanchi7
4%
2000/01LBItalyMichele Paramatti21
4%
2001/02LBItalyMichele Paramatti24
4%
2010/11STItalyNiccolo Giannetti31
4%
2004/05STItalyRey Volpato1
4%
2003/04CBItalySalvatore Fresi1
4%
2002/03CBItalySalvatore Fresi161
4%
2008/09RWItalySimone Esposito2
4%
2001/02STFranceVincent Pericard2
4%
2001/02DMItalyAlessandro Frara2
2%
2003/04STNigeriaBenjamin Onwuachi11
2%
2006/07CBItalyFelice Piccolo7
2%
2001/02CBItalyFelice Piccolo1
2%
2002/03RBItalyMattia Cassani1
2%
2018/19CBItalyPaolo Gozzi1
2%
2010/11STItalyAlberto Libertazzi2
1%
2006/07AMItalyDario Venitucci5
1%
2017/18CMItalyFabrizio Caligara1
1%
2003/04RBItalyGiovanni Bartolucci1
1%
2001/02LWUzbekistanIlyas Zeytullaev2
1%
2000/01LMItalyJonathan Bachini12
1%
2008/09CMItalyLuca Castiglia1
1%
2007/08CMItalyLuca Castiglia2
1%
2001/02CMItalyMarco Rigoni1
1%
2010/11LBItalyMatteo Liviero1
1%
2001/02CMItalyStefano Rondinella1
1%
2003/04CMRussiaViktor Budyanskiy2
1%
2010/11CBItalyVincenzo Camilleri2
1%

Score Distribution

Percentile by Number Answered

Percent of People with Each Score

Your Score History

You have not taken this quiz